Bollywood Movies by Picture #2 - Statistics

General Stats
  • This quiz has been taken 824 times
  • The average score is 7 of 10
Answer Stats
Picture Answer % Correct
Kabhi Khushi Kabhie Gham
92%
Om Shanti Om
91%
Lagaan: Once Upon a Time in India
89%
Kalank
81%
Zindagi Na Milegi Dobara
81%
Bodyguard
76%
Andhadhun
73%
Amar Akbar Anthony
58%
Ishq
50%
Mughal-e-Azam
40%
No matching quizzes found
Score Distribution
Percent of People with Each Score
Percentile by Number Answered
Your Score History
You have not taken this quiz